Presentation of A/S Quasar Consultants

Enregistré dans:
Détails bibliographiques
Format: Livre
Langue:anglais
Publié: Oslo A/S Quasar Consultants [1995]
Édition:1. ed.
Sujets:
Tags: Ajouter un tag
Pas de tags, Soyez le premier à ajouter un tag!

MARC

LEADER 00000nam a2200000 4500
001 c010283
005 20221205133417.6
041 0 |a eng 
044 |a NO 
245 1 0 |a Presentation of A/S Quasar Consultants 
250 |a 1. ed. 
264 1 |a Oslo  |b A/S Quasar Consultants  |c [1995] 
300 |a 53 s. 
610 2 0 |a ekológia 
610 2 0 |a chémia 
610 2 0 |a prostredie životné 
610 2 0 |a ochrana prírody 
610 2 0 |a analýzy 
610 2 0 |a poradenstvo technické